<?xml version="1.0" encoding="UTF-8"?>
<record
    xmlns:xsi="http://www.w3.org/2001/XMLSchema-instance"
    xsi:schemaLocation="http://www.loc.gov/MARC21/slim http://www.loc.gov/standards/marcxml/schema/MARC21slim.xsd"
    xmlns="http://www.loc.gov/MARC21/slim">

  <leader>02200agaaa2200325   4500</leader>
  <controlfield tag="001">0466</controlfield>
  <controlfield tag="003">IT-RoPAU</controlfield>
  <controlfield tag="005">20220918181300.0</controlfield>
  <controlfield tag="007">d cvaizq</controlfield>
  <controlfield tag="008">50131s9999||||xx ||| |     ||   ||und||</controlfield>
  <datafield tag="040" ind1=" " ind2=" ">
    <subfield code="a">IT-RoPAU</subfield>
    <subfield code="c">IT-RoPAU</subfield>
  </datafield>
  <datafield tag="041" ind1=" " ind2=" ">
    <subfield code="a">ITALIANO </subfield>
  </datafield>
  <datafield tag="100" ind1=" " ind2=" ">
    <subfield code="a">Tarantino Quentin</subfield>
    <subfield code="g">Codice regista SPICS: 42150</subfield>
    <subfield code="9">53078</subfield>
  </datafield>
  <datafield tag="130" ind1=" " ind2=" ">
    <subfield code="a">BASTARDI SENZA GLORIA </subfield>
    <subfield code="9">53079</subfield>
  </datafield>
  <datafield tag="240" ind1=" " ind2=" ">
    <subfield code="a">INGLORIOUS BASTARDS </subfield>
    <subfield code="g">T3877</subfield>
  </datafield>
  <datafield tag="245" ind1=" " ind2=" ">
    <subfield code="a">BASTARDI SENZA GLORIA </subfield>
    <subfield code="c">Prodotto da: Tarantino Q. Fisser -- Sceneggiatura: Tarantino Quentin -- Diretto da: Tarantino Quentin</subfield>
    <subfield code="p">BASTARDI SENZA GLORIA (Rif. Codice opera principale : K0466)</subfield>
  </datafield>
  <datafield tag="246" ind1=" " ind2=" ">
    <subfield code="a">INGLORIOUS BASTARDS </subfield>
  </datafield>
  <datafield tag="250" ind1=" " ind2=" ">
    <subfield code="a">Edizione Standard</subfield>
  </datafield>
  <datafield tag="260" ind1=" " ind2=" ">
    <subfield code="a">(USA - GERMANIA )</subfield>
    <subfield code="b">N.d. / Distribuzione: FELTRINELLI </subfield>
    <subfield code="g">"2009 (1&#xB0; ed.: 2010 ; Ed. Lingua Orig.: 2009)"</subfield>
  </datafield>
  <datafield tag="300" ind1=" " ind2=" ">
    <subfield code="a">DVD</subfield>
    <subfield code="b">sonoro, col.</subfield>
    <subfield code="c">146 minuti</subfield>
  </datafield>
  <datafield tag="508" ind1=" " ind2=" ">
    <subfield code="a">"Fotografia: Richardson Robert ; Montaggio: Menke Sally ; Sceneggiatura: Tarantino Quentin ; Scenografia: Wasco David ; "</subfield>
  </datafield>
  <datafield tag="511" ind1=" " ind2=" ">
    <subfield code="a">"Pitt Brad; Waltz Christoph; Kruger Diane; Laurent Melanie; Roth Eli; Bruhl Daniel; "</subfield>
  </datafield>
  <datafield tag="520" ind1=" " ind2=" ">
    <subfield code="a">NELLA FRANCIA OCCUPATA DAI TEDESCHI, SHOSANNA DREYFUS ASSISTE ALL'ESECUZIONE DELLA FAMIGLIA PER MANO DEL COLONNELLO NAZISTA HANS LANDA. SHOSANNA RIESCE MIRACOLOSAMENTE A SCAPPARE E SI RIFUGIA A PARIGI DOVE, CON UNA NUOVA IDENTITA', DIVENTA LA PROPRIETARIA DI UN CINEMA. ALTROVE IN EUROPA IL TENENTE ALDO RAINE STA ORGANIZZANDO UN GRUPPO DI SOLDATI EBREI, INGAGGIATI APPOSITAMENTE PER UN'AZIONE PUNITIVA. CONOSCIUTI DAL NEMICO COME I BASTARDI I MEMBRI DELLA SQUADRA DI RAINE ENTRANO IN CONTATTO CON L'ATTRICE TEDESCA E AGENTE SEGRETO BRIDGET VON HAMMERSMARK PER PORTARE A TERMINE LA MISSIONE DI FAR CADERE I VERTICI DEL TERZO REICH. IL DESTINO LI PORTERA' IN UNA SALA CINEMATOGRAFICA, PROPRIO DOVE SHOSANNA E' SUL PUNTO DI METTERE IN ATTO LA SUA VENDETTA... </subfield>
  </datafield>
  <datafield tag="538" ind1=" " ind2=" ">
    <subfield code="a">PAL, STEREO</subfield>
  </datafield>
  <datafield tag="546" ind1=" " ind2=" ">
    <subfield code="a">ITALIANO </subfield>
  </datafield>
  <datafield tag="650" ind1=" " ind2=" ">
    <subfield code="a">DRAMMA - GUERRA </subfield>
    <subfield code="e">DVD-FILM [DVD]</subfield>
    <subfield code="x">Codice MATERIA SPICS: 9947</subfield>
    <subfield code="9">53080</subfield>
  </datafield>
  <datafield tag="700" ind1=" " ind2=" ">
    <subfield code="a">Tarantino Quentin </subfield>
    <subfield code="e">(regista)</subfield>
    <subfield code="g">Codice regista SPICS: 42150</subfield>
    <subfield code="9">53081</subfield>
  </datafield>
  <datafield tag="700" ind1=" " ind2=" ">
    <subfield code="a">Tarantino Quentin </subfield>
    <subfield code="e">(soggetto)</subfield>
    <subfield code="g">Codice Soggetto SPICS: 42150</subfield>
    <subfield code="9">53082</subfield>
  </datafield>
  <datafield tag="942" ind1=" " ind2=" ">
    <subfield code="c">DV</subfield>
    <subfield code="2">ddc</subfield>
  </datafield>
  <datafield tag="999" ind1=" " ind2=" ">
    <subfield code="c">107669</subfield>
    <subfield code="d">107669</subfield>
  </datafield>
  <datafield tag="952" ind1=" " ind2=" ">
    <subfield code="0">0</subfield>
    <subfield code="1">0</subfield>
    <subfield code="4">0</subfield>
    <subfield code="6">K_0466_000000000000000</subfield>
    <subfield code="7">1</subfield>
    <subfield code="a">SPICS</subfield>
    <subfield code="b">SPICS</subfield>
    <subfield code="d">2015-01-31</subfield>
    <subfield code="l">0</subfield>
    <subfield code="o">K0466</subfield>
    <subfield code="r">2015-01-31 00:00:00</subfield>
    <subfield code="w">2015-01-31</subfield>
    <subfield code="y">DV</subfield>
    <subfield code="z">Progr. Ins.: 3946 / N.Vol.:1 / Copie: 1 / Pag.:0 / Copia rara: n.d. / date import: 1.2.2015 / By Epidotti, Trombetti, Vaglietti</subfield>
  </datafield>
</record>
